[Event "Oslo op-A"]
[Site "Oslo"]
[Date "2014.10.01"]
[Round "5"]
[White "Einarsen, Kenneth"]
[Black "Gonzalez, Francisco Silva"]
[Result "1-0"]
[WhiteElo "2106"]
[BlackElo "2130"]
[PlyCount "81"]
[EventDate "2014.09.28"]
[EventType "swiss"]
[EventRounds "9"]
[EventCountry "NOR"]
[SourceTitle "CBM 162 Extra"]
[Source "ChessBase"]
[SourceDate "2014.10.17"]
[SourceVersion "1"]
[SourceVersionDate "2014.10.17"]
[SourceQuality "1"]

1. e4 e5 2. Nf3 Nc6 3. d4 exd4 4. Nxd4 Bc5 5. Nb3 Bb6 6. Nc3 Nf6 7. Qe2 0-0 8. Bg5 h6 9. Bh4 Re8 10. 0-0-0 d6 11. f3 Be6 12. Kb1 a5 13. a4 Qe7 14. Qe1 Nb4 15. Nd4 Nc6 16. Nxe6 fxe6 17. Bb5 g5 18. Bf2 Bxf2 19. Qxf2 Rf8 20. h4 Ne5 21. Qd2 Qg7 22. Be2 g4 23. f4 Nf7 24. Bc4 Rfe8 25. Rhe1 Nd7 26. f5 Nc5 27. fxe6 Nxe6 28. Rf1 Kh7 29. Nd5 Ne5 30. Nf6+ Kh8 31. Nxe8 Nxc4 32. Nxg7 Nxd2+ 33. Rxd2 Kxg7 34. Rdf2 Rf8 35. Rxf8 Nxf8 36. Rf4 Ng6 37. Rxg4 Kf6 38. h5 Ne5 39. Rg8 Ke7 40. Rg7+ Nf7 41. Rg6 1-0

[Event "NOR-ch Master"]
[Site "Trondheim"]
[Date "2014.07.13"]
[Round "2"]
[White "Einarsen, Kenneth"]
[Black "Thingstad, Even"]
[Result "1-0"]
[WhiteElo "2087"]
[BlackElo "2263"]
[PlyCount "53"]
[EventDate "2014.07.12"]
[EventType "swiss"]
[EventRounds "9"]
[EventCountry "NOR"]
[SourceTitle "EXT 2019"]
[Source "ChessBase"]
[SourceDate "2018.10.10"]
[SourceVersion "1"]
[SourceVersionDate "2018.10.10"]
[SourceQuality "1"]

1. e4 c6 2. d4 d5 3. Nc3 dxe4 4. Nxe4 Bf5 5. Ng3 Bg6 6. h4 h6 7. Nf3 Nd7 8. h5 Bh7 9. Bd3 Bxd3 10. Qxd3 e6 11. Bd2 Ngf6 12. 0-0-0 Be7 13. Ne4 Nxe4 14. Qxe4 Nf6 15. Qd3 0-0 16. g4 Nxg4 17. Rhg1 f5 18. Qe2 Kh7 19. Ne5 Nxe5 20. dxe5 Rf7 21. Rg6 Qd4 22. Bxh6 Qa4 23. Qe3 Bf8 24. Qg3 gxh6 25. Kb1 Bg7 26. Rg1 Rg8 27. Rxh6+ 1-0

[Event "NOR-ch Master"]
[Site "Trondheim"]
[Date "2014.07.12"]
[Round "1"]
[White "Chavannes, Ivar"]
[Black "Einarsen, Kenneth"]
[Result "1-0"]
[WhiteElo "2185"]
[BlackElo "2087"]
[PlyCount "53"]
[EventDate "2014.07.12"]
[EventType "swiss"]
[EventRounds "9"]
[EventCountry "NOR"]
[SourceTitle "EXT 2019"]
[Source "ChessBase"]
[SourceDate "2018.10.10"]
[SourceVersion "1"]
[SourceVersionDate "2018.10.10"]
[SourceQuality "1"]

1. d4 Nf6 2. c4 c5 3. d5 e6 4. Nc3 exd5 5. cxd5 d6 6. e4 a6 7. a4 g6 8. h3 Bg7 9. Nf3 0-0 10. Bd3 Nbd7 11. 0-0 Qe7 12. Bf4 Ne8 13. Bg5 f6 14. Bh4 Nc7 15. e5 Nxe5 16. Nxe5 Qxe5 17. Re1 Qh5 18. Qxh5 gxh5 19. Re7 Rf7 20. Bxh7+ Kf8 21. Re2 Bh8 22. Bg6 Rg7 23. Bxh5 Bxh3 24. Bg3 Rxg3 25. fxg3 Bd7 26. Rae1 Be8 27. g4 1-0

[Event "Oslo Vederhus Memorial op B"]
[Site "Oslo"]
[Date "2013.09.29"]
[Round "8"]
[White "Einarsen, Kenneth"]
[Black "Torgersen, Terje"]
[Result "1-0"]
[WhiteElo "2094"]
[BlackElo "1977"]
[PlyCount "117"]
[EventDate "2013.09.29"]
[EventType "swiss"]
[EventRounds "9"]
[EventCountry "NOR"]
[SourceTitle "EXT 2024"]
[Source "ChessBase"]
[SourceDate "2023.10.10"]
[SourceVersion "1"]
[SourceVersionDate "2023.10.10"]
[SourceQuality "1"]

1. Nf3 Nf6 2. d4 g6 3. c4 Bg7 4. g3 0-0 5. Bg2 d6 6. Nc3 Nbd7 7. 0-0 c6 8. e4 Qc7 9. h3 a6 10. Qe2 e5 11. dxe5 dxe5 12. Be3 Re8 13. Rfd1 b6 14. Nd2 Nf8 15. Rac1 c5 16. Nd5 Qd6 17. Qd3 Nxd5 18. cxd5 Bd7 19. b4 Bb5 20. bxc5 bxc5 21. Qa3 Nd7 22. Bxc5 Nxc5 23. Qxc5 Qxc5 24. Rxc5 Bf8 25. Rcc1 Rec8 26. Bf1 Ba3 27. Rxc8+ Rxc8 28. Bxb5 axb5 29. Nb3 Bd6 30. Rc1 Rc4 31. f3 Ba3 32. Rd1 Kf8 33. Kf2 Ke7 34. Ke2 Bb4 35. Rc1 Kd6 36. Kd3 Rxc1 37. Nxc1 Be1 38. g4 Kc5 39. a3 Bh4 40. Nb3+ Kb6 41. Kc2 Be7 42. Kb2 Bg5 43. Na1 Kc5 44. Kc3 Be7 45. Nc2 f5 46. Nb4 fxe4 47. fxe4 Kb6 48. Nd3 Bd6 49. g5 Ka5 50. Kb3 Kb6 51. Nf2 Kc5 52. Kc3 Kb6 53. Ng4 Kc5 54. Nf6 Kb6 55. Nxh7 Bxa3 56. h4 Be7 57. h5 Bxg5 58. Nxg5 gxh5 59. Kb4 1-0

[Event "Oslo Vederhus Memorial op B"]
[Site "Oslo"]
[Date "2013.09.29"]
[Round "6"]
[White "Einarsen, Kenneth"]
[Black "Wahlstedt, Mats"]
[Result "1-0"]
[WhiteElo "2094"]
[BlackElo "1966"]
[PlyCount "51"]
[EventDate "2013.09.29"]
[EventType "swiss"]
[EventRounds "9"]
[EventCountry "NOR"]
[SourceTitle "EXT 2024"]
[Source "ChessBase"]
[SourceDate "2023.10.10"]
[SourceVersion "1"]
[SourceVersionDate "2023.10.10"]
[SourceQuality "1"]

1. d4 Nf6 2. Nf3 g6 3. Bf4 d6 4. e3 Bg7 5. h3 0-0 6. Be2 b6 7. 0-0 Bb7 8. c4 c5 9. Nc3 cxd4 10. exd4 d5 11. Ne5 Nbd7 12. Bf3 e6 13. Re1 h6 14. Qa4 a6 15. Rad1 Rc8 16. Nxd7 Nxd7 17. cxd5 b5 18. Qb3 Kh7 19. dxe6 Bxf3 20. e7 Qb6 21. exf8N+ Rxf8 22. gxf3 Qf6 23. Nd5 Qh4 24. Kg2 Bf6 25. Bg3 Qg5 26. Nxf6+ 1-0

[Event "Oslo ASKO op"]
[Site "Oslo"]
[Date "2009.01.23"]
[Round "3"]
[White "Lovik, Lasse Ostebo"]
[Black "Einarsen, Kenneth"]
[Result "1/2-1/2"]
[WhiteElo "2183"]
[BlackElo "2029"]
[PlyCount "109"]
[EventDate "2009.01.23"]
[EventType "swiss"]
[EventRounds "5"]
[EventCountry "NOR"]
[SourceTitle "EXT 2011"]
[Source "ChessBase"]
[SourceDate "2010.11.26"]
[SourceVersion "1"]
[SourceVersionDate "2010.11.26"]
[SourceQuality "1"]

1. e4 d6 2. d4 Nf6 3. Nc3 g6 4. Be2 Bg7 5. g4 d5 6. e5 Ne4 7. Bf3 Nxc3 8. bxc3 f6 9. exf6 Bxf6 10. Ne2 Be6 11. Rb1 Nc6 12. Nf4 Bf7 13. Qe2 e5 14. dxe5 Nxe5 15. Ba3 Qd7 16. Rxb7 Qa4 17. Nxd5 Bxd5 18. Bxd5 Qxa3 19. Qb5+ Kf8 20. 0-0 Qxc3 21. f4 Nxg4 22. Qd7 Qd4+ 23. Kh1 Nh6 24. Rxc7 Rd8 25. Rc8 Qb6 26. f5 g5 27. Re1 Rxc8 28. Qxc8+ Qd8 29. Qc6 Nf7 30. Qe6 Qe7 31. Qc8+ Qd8 32. Qb7 Nd6 33. Qxa7 Be7 34. Re6 Ne8 35. Bf3 Rg8 36. Qe3 Rg7 37. h3 Bf6 38. c4 Re7 39. Bd5 Kg7 40. h4 h6 41. hxg5 hxg5 42. Qf3 Nc7 43. Rc6 Nxd5 44. cxd5 Re1+ 45. Kg2 Qe7 46. Re6 Rxe6 47. fxe6 Be5 48. a4 Qf6 49. Qxf6+ Kxf6 50. a5 Bd4 51. Kg3 Ke7 52. Kg4 Kf6 53. a6 Bc5 54. Kf3 Ke7 55. Kg4 1/2-1/2

[Event "Oslo Johannessen Memorial"]
[Site "Oslo"]
[Date "2008.06.30"]
[Round "6"]
[White "Einarsen, Kenneth"]
[Black "Ferkingstad, Sjur"]
[Result "0-1"]
[WhiteElo "1902"]
[BlackElo "2237"]
[PlyCount "120"]
[EventDate "2008.06.27"]
[EventType "swiss"]
[EventRounds "9"]
[EventCountry "NOR"]
[SourceTitle "CBM 125 Extra"]
[Source "ChessBase"]
[SourceDate "2008.09.01"]
[SourceVersion "1"]
[SourceVersionDate "2008.09.01"]
[SourceQuality "1"]

1. c4 f5 2. Nc3 Nf6 3. g3 g6 4. Bg2 Bg7 5. d3 0-0 6. e4 fxe4 7. dxe4 Nc6 8. f4 d6 9. Nf3 Bg4 10. 0-0 e5 11. c5 Nd4 12. Qd3 Bxf3 13. Bxf3 Kh8 14. cxd6 Qxd6 15. fxe5 Qxe5 16. Bf4 Qc5 17. Kh1 Rad8 18. Bg2 Nb3 19. Qb5 Qxb5 20. Nxb5 Nxa1 21. Rxa1 Nh5 22. Bg5 Bxb2 23. Bxd8 Bxa1 24. Bxc7 Rf2 25. Kg1 Rc2 26. g4 Ng7 27. Bg3 a6 28. Nd6 Bd4+ 29. Kf1 Ne6 30. e5 Nf4 31. Bxf4 Rf2+ 32. Ke1 Rxf4 33. e6 Bf6 34. Bxb7 a5 35. g5 Be7 36. Nc8 Bb4+ 37. Ke2 Rf5 38. e7 Bxe7 39. Nxe7 Re5+ 40. Kf3 Rxe7 41. Be4 Rd7 42. a4 Rc7 43. Bd3 Rc3 44. Ke4 Ra3 45. Bb5 Rh3 46. Kd5 Rxh2 47. Kc6 Rh5 48. Kb6 Rxg5 49. Kxa5 h5 50. Kb6 Rf5 51. a5 h4 52. a6 Rf8 53. a7 h3 54. Bc6 g5 55. Bf3 Kg7 56. Kc5 g4 57. Bxg4 h2 58. Bf3 Rxf3 59. a8Q h1Q 60. Qb7+ Kg6 0-1

[Event "Oslo Johannessen Memorial"]
[Site "Oslo"]
[Date "2008.06.28"]
[Round "2"]
[White "Einarsen, Kenneth"]
[Black "Omtvedt, Per"]
[Result "1-0"]
[WhiteElo "1902"]
[BlackElo "2138"]
[PlyCount "73"]
[EventDate "2008.06.27"]
[EventType "swiss"]
[EventRounds "9"]
[EventCountry "NOR"]
[SourceTitle "CBM 125 Extra"]
[Source "ChessBase"]
[SourceDate "2008.09.01"]
[SourceVersion "1"]
[SourceVersionDate "2008.09.01"]
[SourceQuality "1"]

1. e4 Nf6 2. e5 Nd5 3. d4 d6 4. c4 Nb6 5. exd6 exd6 6. Nf3 Be7 7. b3 0-0 8. Bb2 Bf5 9. Bd3 Qd7 10. 0-0 Nc6 11. Nc3 Rae8 12. Qb1 Bg6 13. Bxg6 fxg6 14. d5 Nd8 15. Qd3 Bf6 16. Rae1 Qf7 17. Nd4 Nd7 18. Ne4 Nc5 19. Nxf6+ gxf6 20. Qc2 a5 21. Bc3 b6 22. Nb5 Rxe1 23. Rxe1 Qd7 24. Qe2 Kf7 25. Qf3 Kg7 26. Qe3 Kf7 27. Qh6 Kg8 28. Qe3 Kf7 29. Qf4 Kg7 30. Re3 Rf7 31. g4 h6 32. h4 Ncb7 33. g5 Qf5 34. Bxf6+ Kh7 35. Qxf5 gxf5 36. Re8 Rd7 37. h5 1-0

[Event "NOR-ch qual-A"]
[Site "Oslo"]
[Date "2007.04.01"]
[Round "1"]
[White "Einarsen, Kenneth"]
[Black "Snellingen, Jorn"]
[Result "0-1"]
[WhiteElo "1636"]
[BlackElo "1817"]
[PlyCount "58"]
[EventDate "2007.04.01"]
[EventType "swiss"]
[EventRounds "7"]
[EventCountry "NOR"]
[SourceTitle "EXT 2008"]
[Source "ChessBase"]
[SourceDate "2007.11.25"]
[SourceVersion "1"]
[SourceVersionDate "2007.11.25"]
[SourceQuality "1"]

1. Nf3 Nc6 2. d4 e6 3. c4 Nf6 4. Nc3 Bb4 5. Qc2 0-0 6. e4 d6 7. a3 Bxc3+ 8. bxc3 e5 9. Bd3 b6 10. 0-0 h6 11. h3 Nd7 12. Be3 Ba6 13. Nd2 Na5 14. f4 Qe7 15. Qd1 exd4 16. Bxd4 Nc5 17. Bxg7 Kxg7 18. Qg4+ Kh8 19. Qh5 Qf6 20. e5 dxe5 21. Bc2 Nxc4 22. h4 exf4 23. Rxf4 Qxf4 24. Rf1 Qe3+ 25. Kh1 f5 26. Rxf5 Rxf5 27. Qxf5 Qe1+ 28. Nf1 Qxh4+ 29. Kg1 Qe7 0-1

[Event "Oslo ASKO Hostturnering"]
[Site "Oslo"]
[Date "2006.11.14"]
[Round "6"]
[White "Einarsen, Kenneth"]
[Black "Olsen, Alf Marius Foss"]
[Result "1-0"]
[WhiteElo "1647"]
[BlackElo "1440"]
[PlyCount "51"]
[EventDate "2006.09.12"]
[EventType "swiss"]
[EventRounds "7"]
[EventCountry "NOR"]
[SourceTitle "EXT 2008"]
[Source "ChessBase"]
[SourceDate "2007.11.25"]
[SourceVersion "1"]
[SourceVersionDate "2007.11.25"]
[SourceQuality "1"]

1. b3 c5 2. c4 Nc6 3. Bb2 Nf6 4. e3 d5 5. cxd5 Nxd5 6. a3 Bf5 7. Nf3 e6 8. d4 Nf6 9. Bd3 Be7 10. Bxf5 exf5 11. 0-0 0-0 12. Nbd2 b5 13. dxc5 Bxc5 14. Rc1 Qd6 15. Qc2 Ne4 16. Nxe4 fxe4 17. Qxc5 Qd3 18. Nd4 Nxd4 19. Qxd4 f6 20. Qxd3 exd3 21. Rfd1 Rfd8 22. Bd4 Rac8 23. Kf1 Rc2 24. Rxc2 dxc2 25. Rc1 Rc8 26. Ke2 1-0

[Event "Host Monrad"]
[Site "Tonsberg"]
[Date "2004.09.13"]
[Round "1"]
[White "Einarsen, Kenneth"]
[Black "Haugan, Kristoffer"]
[Result "1-0"]
[WhiteElo "1666"]
[BlackElo "1317"]
[PlyCount "49"]
[EventDate "2004.09.13"]
[EventType "swiss"]
[EventRounds "7"]
[EventCountry "NOR"]
[SourceTitle "EXT 2007"]
[Source "ChessBase"]
[SourceDate "2006.11.23"]
[SourceVersion "1"]
[SourceVersionDate "2006.11.23"]
[SourceQuality "1"]

1. b3 e5 2. Bb2 Nc6 3. e3 Nf6 4. c4 d6 5. Nc3 Be7 6. d4 exd4 7. exd4 0-0 8. Nf3 Bf5 9. Be2 h6 10. 0-0 Re8 11. d5 Nb8 12. Nd4 Bg6 13. Bd3 Bxd3 14. Qxd3 Nbd7 15. Nf5 Ne5 16. Qg3 Ng6 17. f4 Kh7 18. Nxg7 Rg8 19. Nf5 Ne5 20. Qh4 Neg4 21. h3 Nxd5 22. Qe1 Bf6 23. cxd5 Re8 24. Qb1 Kh8 25. hxg4 1-0

[Event "Tonsberg op"]
[Site "Tonsberg"]
[Date "2003.10.27"]
[Round "7"]
[White "Einarsen, Kenneth"]
[Black "Heien, Arne"]
[Result "1-0"]
[WhiteElo "1571"]
[BlackElo "1718"]
[PlyCount "113"]
[EventDate "2003.09.08"]
[EventType "swiss"]
[EventRounds "9"]
[EventCountry "NOR"]
[SourceTitle "EXT 2008"]
[Source "ChessBase"]
[SourceDate "2007.11.25"]
[SourceVersion "1"]
[SourceVersionDate "2007.11.25"]
[SourceQuality "1"]

1. Nf3 d5 2. c4 e6 3. d4 Nf6 4. Nc3 Be7 5. g3 0-0 6. Bg2 c6 7. 0-0 Nbd7 8. Qb3 dxc4 9. Qxc4 Nb6 10. Qd3 Nbd5 11. e4 Nb4 12. Qe2 b6 13. a3 Na6 14. Rd1 Nc7 15. Bf4 Bb7 16. Rac1 Re8 17. Qc2 Rc8 18. Ne5 Bd6 19. Nxf7 Kxf7 20. Bxd6 Qxd6 21. e5 Qe7 22. exf6 Qxf6 23. Qxh7 Rh8 24. Qc2 Nd5 25. Ne4 Qe7 26. Qe2 Rh6 27. h4 Re8 28. Ng5+ Kg8 29. Bxd5 exd5 30. Qxe7 Rxe7 31. Re1 Kf8 32. Rxe7 Kxe7 33. Re1+ Kd7 34. b4 Rf6 35. f4 Ba6 36. Kf2 Bd3 37. Re5 g6 38. Kf3 Bc2 39. g4 Bb3 40. Kg3 c5 41. bxc5 bxc5 42. dxc5 d4 43. Re4 Kc6 44. Rxd4 Kxc5 45. Rb4 Bd5 46. Ne4+ Bxe4 47. Rxe4 Kd5 48. Re5+ Kd4 49. Ra5 a6 50. Kf3 Rb6 51. h5 Rb3+ 52. Kf2 gxh5 53. gxh5 Ke4 54. h6 Rb6 55. Rh5 Rb8 56. h7 Rh8 57. Kg3 1-0

[Event "Sandefjord MGP"]
[Site "Sandefjord"]
[Date "2003.10.19"]
[Round "4"]
[White "Einarsen, Kenneth"]
[Black "Moberg, Jan Rune"]
[Result "1-0"]
[WhiteElo "1571"]
[BlackElo "1552"]
[PlyCount "85"]
[EventDate "2003.10.??"]
[EventType "swiss"]
[EventRounds "4"]
[EventCountry "NOR"]
[SourceTitle "EXT 2005"]
[Source "ChessBase"]
[SourceDate "2004.11.15"]
[SourceVersion "1"]
[SourceVersionDate "2004.11.15"]
[SourceQuality "1"]

1. e4 e5 2. Nf3 d6 3. d4 Nd7 4. Nc3 c6 5. dxe5 dxe5 6. Bc4 Be7 7. a3 Ngf6 8. 0-0 0-0 9. Qe2 b5 10. Ba2 a6 11. Rd1 Qc7 12. Bg5 Nc5 13. h3 Be6 14. Qe3 Bxa2 15. Bxf6 Bxf6 16. Nxa2 Ne6 17. Rd2 Rfd8 18. Rad1 Rxd2 19. Rxd2 Rd8 20. Rxd8+ Qxd8 21. Qd2 Qxd2 22. Nxd2 a5 23. Nb3 Bd8 24. c3 Kf8 25. g3 Bb6 26. h4 Ke7 27. Kf1 Kd6 28. Ke2 c5 29. Nd2 h6 30. a4 Kc6 31. axb5+ Kxb5 32. c4+ Kc6 33. Nc3 Nd4+ 34. Kd3 Bd8 35. Nd5 Kd6 36. Nf1 h5 37. Nfe3 g6 38. f4 f5 39. exf5 exf4 40. fxg6 Ne6 41. gxf4 Ng7 42. Ke4 Bxh4 43. Nf5+ 1-0

[Event "Tonsberg op"]
[Site "Tonsberg"]
[Date "2003.10.06"]
[Round "4"]
[White "Krohn, Sverre Hoegh"]
[Black "Einarsen, Kenneth"]
[Result "1-0"]
[WhiteElo "1690"]
[BlackElo "1571"]
[PlyCount "77"]
[EventDate "2003.09.08"]
[EventType "swiss"]
[EventRounds "9"]
[EventCountry "NOR"]
[SourceTitle "EXT 2008"]
[Source "ChessBase"]
[SourceDate "2007.11.25"]
[SourceVersion "1"]
[SourceVersionDate "2007.11.25"]
[SourceQuality "1"]

1. c4 g6 2. g3 Bg7 3. Bg2 d6 4. Nc3 Bxc3 5. dxc3 Nf6 6. Bh6 c6 7. Bg7 Rg8 8. Bxf6 exf6 9. Nf3 Be6 10. Qd4 Qb6 11. Qxd6 Qxb2 12. 0-0 Qb6 13. Rfd1 Nd7 14. Rab1 0-0-0 15. Nd4 Ne5 16. Qe7 Rge8 17. Qxf6 Qa5 18. Nxe6 Rxd1+ 19. Rxd1 fxe6 20. Bh3 Qc5 21. Bxe6+ Kc7 22. e3 Rf8 23. Qg7+ Kb8 24. Kg2 h5 25. Rd5 cxd5 26. Qxe5+ Qc7 27. Qxc7+ Kxc7 28. cxd5 Kd6 29. f4 b5 30. Kf3 a5 31. Ke4 b4 32. Kd4 bxc3 33. Kxc3 Rb8 34. e4 Rb1 35. Bf7 Rh1 36. e5+ Ke7 37. Bxg6 Rxh2 38. d6+ Kd8 39. e6 1-0

[Event "Sandefjord op"]
[Site "Sandefjord"]
[Date "2002.10.13"]
[Round "5"]
[White "Einarsen, Kenneth"]
[Black "Narvoy, Tore"]
[Result "1/2-1/2"]
[WhiteElo "1302"]
[BlackElo "1445"]
[PlyCount "31"]
[EventDate "2002.10.??"]
[EventType "swiss"]
[EventRounds "5"]
[EventCountry "NOR"]
[SourceTitle "EXT 2005"]
[Source "ChessBase"]
[SourceDate "2004.11.15"]
[SourceVersion "1"]
[SourceVersionDate "2004.11.15"]
[SourceQuality "1"]

1. e4 c5 2. Nf3 d6 3. d4 cxd4 4. Nxd4 Nf6 5. Nc3 a6 6. Bg5 Nbd7 7. Bd3 Qc7 8. 0-0 h6 9. Bh4 g5 10. Bg3 h5 11. h4 gxh4 12. Bxh4 Ng4 13. Nd5 Qd8 14. Nf5 f6 15. Nd4 Nc5 16. Re1 1/2-1/2